Practice makes perfect statistics

Practice Makes Perfect: Statistics is not focused on any particular test or exam, but complementary to most statistics curricula. Because of this approach, the book can be used by struggling students needing extra help, readers who need to firm up skills for an exam, or those who are returning to th...

Descripció completa

Guardat en:
Dades bibliogràfiques
Autor principal: McCune, Sandra
Format: Llibre
Idioma:Undetermined
Publicat: New York McGraw-Hill Education 2010
Matèries:
Etiquetes: Afegir etiqueta
Sense etiquetes, Sigues el primer a etiquetar aquest registre!
Thư viện lưu trữ: Trung tâm Học liệu Trường Đại học Cần Thơ
LEADER 00968nam a2200193Ia 4500
001 CTU_190117
008 210402s9999 xx 000 0 und d
082 |a 519.5076 
082 |b M126 
100 |a McCune, Sandra 
245 0 |a Practice makes perfect statistics 
245 0 |c Sandra McCune 
260 |a New York 
260 |b McGraw-Hill Education 
260 |c 2010 
520 |a Practice Makes Perfect: Statistics is not focused on any particular test or exam, but complementary to most statistics curricula. Because of this approach, the book can be used by struggling students needing extra help, readers who need to firm up skills for an exam, or those who are returning to the subject years after they first studied statistics. Its all-encompassing approach will appeal to both U.S. and international students. 
650 |a Mathematical statistics,Toán học thống kê 
904 |i Qhieu 
980 |a Trung tâm Học liệu Trường Đại học Cần Thơ